| 000 | 00518nam a22001577a 4500 | ||
|---|---|---|---|
| 005 | 2012031207457.0 | ||
| 020 |
_a817525037X _c400.00 |
||
| 035 | _aB-17969 | ||
| 037 |
_aDPL _bENG |
||
| 100 |
_aBarthakur, Jitendra Kumar _943725 |
||
| 245 |
_aPresent understanding of time / _cby Jitendra Kumar Barthakur |
||
| 260 |
_aNew Delhi _bKumud Books _c1999 |
||
| 300 |
_a350p. _c18 cms. |
||
| 942 |
_2ddc _cEN _h115 _mBAR |
||
| 999 |
_c63978 _d63978 |
||